000 00588nam a22002177a 4500
003 UA-OsUOA
001 112037
007 ta
008 20150615b un ||||| |||| 00| 0 ukr d
100 _aШаф О.
090 _a82
_bШ30
942 _cSA
040 _aUA-OsUOA
_bukr
_cUA-OsUOA
_dUA-OsUOA
245 _aЛірика Оксани Забужко: альтернативна культурна версія
300 _aС.47-52
955 _a0
041 _aukr
080 _a82
773 0 _w112032
650 7 _a82 Література. Літературознавство
_2UDC
999 _c398121
_d398121